| 000 | 01958cam a2200397 i 4500 | ||
|---|---|---|---|
| 999 |
_c7848 _d7848 |
||
| 001 | 991060404649806706 | ||
| 003 | OSt | ||
| 005 | 20240123170524.0 | ||
| 008 | 220330s2021 spca|| r 000 0 cat c | ||
| 015 |
_aLL2023 _2bnc |
||
| 017 |
_aDL T 148-2022 _bBiblioteca de Catalunya |
||
| 020 | _a9788484249696 | ||
| 035 | _a(OCoLC)1331525771 | ||
| 040 |
_aES-TaURV _bcat _erda _cCDMR |
||
| 043 |
_ae-sp--- _be-spcta _2catmarc |
||
| 080 |
_a070 _x(460.23 Ta) _x"1969/2019" _22004 |
||
| 080 |
_a316.77 _x(460.23 Ta) _x"1969/2019" _22004 |
||
| 080 |
_a659.3 _x(460.23 Ta) _x"1969/2019" _22004 |
||
| 100 | 1 | _aArias, Josep Maria, | |
| 245 | 1 | 0 |
_aDe l'Olivetti al teletreball : _bmig segle de periodisme i comunicació de proximitat al Camps de Tarragona, Terres de l'Ebre i Baix Penedès (1969-2019), i Covid-19 _c/ Josep Maria Arias i Tomàs Carot |
| 260 |
_aTarragona _b: Publicacions URV, _c2021 |
||
| 300 |
_a322 pàgines : _bil·lustracions ; _c24 cm |
||
| 490 | 1 |
_aUniversitat Rovira i Virgili ; _v106 |
|
| 504 | _aBibliografia: pàgines 317-322 | ||
| 508 | _aSalutacions: Joan Mareia Morros i Cuadras, Neus Bonet Bagant, Noemí Llauradó Sans, Josep Poblet Tous, Jordi Farré Coma, Bernat López | ||
| 508 | _aMirades personals: Berta Ramos Martínez, José Luis Villa Moreno, Josep Carles Rius i Baró, Josep M. Martí i Martí, Xavier Abelló Tomàs, Maria Arbonès i Arbonès, Carles Magrané Unda, Marc Arias Giménez | ||
| 650 | 7 |
_aPeriodisme _zTarragona (Catalunya : Província) _xHistòria. _2lemac |
|
| 650 | 7 |
_aComunicació _zTarragona (Catalunya : Província) _xHistòria. _2lemac |
|
| 650 | 7 |
_aMitjans de comunicació de massa _zTarragona (Catalunya : Província) _xHistòria. _2lemac |
|
| 650 | 0 |
_aPremsa comarcal _zTarragona (Catalunya : Província) _xHistòria _93717 |
|
| 700 | 1 | _aCarot Giner, Tomàs, | |
| 830 | 0 |
_aUniversitat Rovira i Virgili (Col·lecció) ; _v106 |
|
| 908 |
_aURV _aCLR _aUAB _aBC |
||
| 940 | _aURV | ||
| 942 |
_2udc _cMON |
||